Nomenclatura de compuestos orgánicos (Record no. 146665)

MARC details
000 -LEADER
campo de control de longitud fija 00542nam a2200157 i 4500
001 - NÚMERO DE CONTROL
campo de control 146665
003 - IDENTIFICADOR DE NÚMERO DE CONTROL
campo de control ES-MaACL
007 - CAMPO FIJO DE DESCRIPCIÓN FÍSICA--INFORMACIÓN GENERAL
campo de control de longitud fija t|
008 - DATOS DE LONGITUD FIJA--INFORMACIÓN GENERAL
campo de control de longitud fija 070914s1972 sp ||||1| spa d
100 1# - ENTRADA PRINCIPAL--NOMBRE DE PERSONA
Nombre de persona Traynham, James G.
9 (RLIN) 111263
245 10 - MENCIÓN DEL TÍTULO
Título Nomenclatura de compuestos orgánicos
Resto del título : una introducción programada /
Mención de responsabilidad, etc. James G. Traynham ; traducción y adaptación de Emilio Yunis.
260 ## - PUBLICACIÓN, DISTRIBUCIÓN, ETC.
Lugar de publicación, distribución, etc. Madrid, etc. :
Nombre del editor, distribuidor, etc. Prentice-Hall,
Fecha de publicación, distribución, etc. [1972]
300 ## - DESCRIPCIÓN FÍSICA
Extensión XVIII, 129 p. ;
Dimensiones 24 cm.
700 1# - ENTRADA AGREGADA--NOMBRE PERSONAL
Nombre de persona Yunis, Emilio.
9 (RLIN) 117746
852 ## - LOCALIZACIÓN
Ubicación ES-MaACL
Número de control de estantería E-7512
Sublocalización o colección R.91806
Holdings
Estatus retirado Estado de pérdida Estado de daño No para préstamo Biblioteca de origen Biblioteca actual Ubicación en estantería Fecha de adquisición Fuente de adquisición Total de préstamos Signatura topográfica completa Código de barras Visto por última vez Precio de reemplazo Tipo de ítem Koha
        Biblioteca del Ateneo de Madrid Biblioteca del Ateneo de Madrid Depósito 2 17/01/2008     E-7512 1153073 23/02/2023 23/02/2023 Libro impreso